[Event "Rook"]
[Site "http://www.queenalice.com/game.php?id=542329"]
[Date "2009.2.18"]
[Round "-"]
[White "carina"]
[Black "BLTaylor"]
[Result "1-0"]
[WhiteElo "1239"]
[BlackElo "1382"]

1. d4 d5 2. e3 Nc6 3. Nc3 Nf6 4. f3 Nb4 5. Bd2 Bf5 6. e4 dxe4 7. a3 e3 8. axb4
exd2+ 9. Qxd2 g6 10. g4 Be6 11. Nh3 Qd6 12. b5 1-0

[Event "MATULA"]
[Site "http://www.queenalice.com/game.php?id=542586"]
[Date "2009.2.18"]
[Round "-"]
[White "perucona"]
[Black "BLTaylor"]
[Result "1-0"]
[WhiteElo "1630"]
[BlackElo "1153"]

1. e4 d5 2. e5 Nc6 3. Nf3 Bg4 4. Be2 f6 5. O-O fxe5 6. h3 Bh5 7. Nc3 d4 8. Na4
e4 9. Nh4 d3 10. cxd3 exd3 11. Bxh5+ g6 12. Bf3 e6 13. Bxc6+ bxc6 14. Nc3 Qxh4
15. g3 Qxh3 16. Qf3 O-O-O 17. b3 Bg7 18. Ne4 Bxa1 19. Ba3 Bd4 20. Rc1 Nh6 21.
Qg2 Qf5 22. Bc5 Rd5 23. Bxd4 Rxd4 24. Nc3 Rf8 25. Rf1 Ng4 26. f3 Ne5 27. g4 Nxg4
28. fxg4 Rxg4 29. Rxf5 exf5 30. Qxg4 fxg4 31. Ne4 h5 32. Nc5 h4 33. a3 h3 34.
Kh2 Rf3 35. b4 Rf2+ 36. Kg3 Rxd2 37. Ne4 Rg2+ 38. Kh4 h2 39. Ng3 1-0

[Event "Challenge"]
[Site "http://www.queenalice.com/game.php?id=543066"]
[Date "2009.2.19"]
[Round "-"]
[White "Givanildo"]
[Black "BLTaylor"]
[Result "1-0"]
[WhiteElo "1403"]
[BlackElo "1276"]

1. e4 d5 2. e5 Nc6 3. Nf3 g6 4. Bb5 Bg7 5. Ng5 Nf6 6. Qf3 h6 7. exf6 Bxf6 8.
Nxf7 Kxf7 9. Nc3 e6 10. Bxc6 bxc6 11. g4 Bb7 12. d3 d4 13. Ne4 c5 14. g5 hxg5
15. Nxg5+ Kg7 16. Nxe6+ Kf7 17. Qxb7 Kxe6 18. O-O Qb8 19. Re1+ Kf7 20. Qd5+ Kg7
21. Qd7+ Kf8 22. Qc6 Kg7 23. Qd7+ Kf8 24. Bf4 g5 25. Bxc7 Qe8 26. Rxe8+ Rxe8 27.
Qd6+ Be7 28. Qe5 g4 29. Qxh8+ Kf7 30. Qh5+ Ke6 31. Qxe8 1-0

[Event "supermouze X BLTaylor "]
[Site "http://www.queenalice.com/game.php?id=551584"]
[Date "2009.3.6"]
[Round "-"]
[White "supermouze"]
[Black "BLTaylor"]
[Result "0-1"]
[WhiteElo "1457"]
[BlackElo "1152"]

1. e4 d5 2. Bd3 Nf6 3. e5 Ne4 4. Qf3 e6 5. Bxe4 dxe4 6. Qxe4 g6 7. Nf3 Nc6 8.
Ng5 Bg7 9. Qh4 Nxe5 10. O-O b6 11. d4 Nc6 12. Be3 Bb7 13. Nc3 Nb4 14. Bf4 Nxc2
15. Rad1 Bxd4 16. Nb5 Qd5 17. Nxc7+ Kf8 18. Nxd5 Bxd5 19. Nxh7+ Kg7 20. Qh6+ Kg8
21. Nf6+ Bxf6 22. Qxh8+ Kxh8 23. a4 Bc4 24. Rfe1 Nxe1 25. Rxe1 Rc8 26. Rc1 Bxb2
27. Rc2 Ba1 28. h4 f6 29. g4 e5 30. Be3 f5 31. gxf5 gxf5 32. Kg2 Bd5+ 33. Kf1
Rxc2 34. Ke1 f4 35. Kd1 Bb3 36. Bd2 Bb2 37. Ke2 e4 38. h5 Bxa4 39. Kd1 e3 40.
fxe3 fxe3 41. Bxe3 Bc3 42. h6 Ra2+ 43. Kc1 Ra1# 0-1

[Event "Challenge"]
[Site "http://www.queenalice.com/game.php?id=554513"]
[Date "2009.3.11"]
[Round "-"]
[White "mapecole"]
[Black "BLTaylor"]
[Result "1-0"]
[WhiteElo "1367"]
[BlackElo "1215"]

1. e4 d5 2. f3 Nf6 3. d4 dxe4 4. fxe4 Nxe4 5. Be3 e5 6. Qf3 Qh4+ 7. g3 Qe7 8.
Qxe4 Nc6 9. Bb5 Qb4+ 10. Nc3 Qxb2 11. Rd1 Qxc3+ 12. Bd2 Qb2 13. Qxe5+ Be6 14. c4
O-O-O 15. Bxc6 bxc6 16. Ne2 Bxc4 17. Qf5+ Be6 18. Qa5 Bd5 19. O-O Bd6 20. a3
Rhe8 21. h4 Rxe2 22. Qa6+ Kd7 23. Qxe2 Qxd4+ 24. Be3 Qe4 25. h5 1-0

[Event "Round 1"]
[Site "http://www.queenalice.com/game.php?id=556314"]
[Date "2009.3.15"]
[Round "-"]
[White "Mr_SPOCK"]
[Black "BLTaylor"]
[Result "1-0"]
[WhiteElo "1584"]
[BlackElo "1221"]

1. e4 d5 2. e5 Nc6 3. d4 g6 4. Nc3 Be6 5. Bb5 a6 6. Bxc6+ bxc6 7. Na4 Bg7 8. Nc5
Qb8 9. Nf3 Qb4+ 10. Nd2 Qxd4 11. Ndb3 Qxe5+ 12. Be3 Qxb2 13. O-O Qa3 14. Rb1 Nf6
15. Bc1 Bg4 16. f3 Qxa2 17. Bg5 Bf5 18. Ra1 Qxc2 19. Qe1 Nh5 20. Qxe7# 1-0

[Event "again"]
[Site "http://www.queenalice.com/game.php?id=557434"]
[Date "2009.3.17"]
[Round "-"]
[White "Givanildo"]
[Black "BLTaylor"]
[Result "1-0"]
[WhiteElo "1357"]
[BlackElo "1180"]

1. e4 d5 2. Bd3 Nf6 3. Nc3 b6 4. Nf3 Bb7 5. Ne5 Qd6 6. f4 g6 7. h4 Bg7 8. g3
dxe4 9. Bb5+ Nc6 10. d4 O-O 11. Be3 Ng4 12. Nxg4 a6 13. Bc4 b5 14. Nxe4 Qb4+ 15.
Nd2 bxc4 16. c3 Qxb2 17. Ne4 Qg2 18. Nef2 Qxg3 19. h5 Na5 20. Rh2 Bc8 21. Ne5
Qxh2 22. hxg6 fxg6 23. Qa4 Qg1+ 24. Ke2 Qxa1 25. Qxa5 Qb2+ 26. Kf3 Bb7+ 27. d5
e6 28. Ne4 exd5 29. Ng5 d4+ 30. Kg3 Qxc3 31. Qxc7 Qxe3+ 32. Kh4 Qxf4+ 33. Kh3
Bxe5 34. Qxh7# 1-0

[Event "Round 2 ;)"]
[Site "http://www.queenalice.com/game.php?id=559760"]
[Date "2009.3.22"]
[Round "-"]
[White "BLTaylor"]
[Black "Mr_SPOCK"]
[Result "0-1"]
[WhiteElo "1265"]
[BlackElo "1536"]

1. d4 d5 2. g3 Nf6 3. Nf3 Bf5 4. Nc3 Nc6 5. Bg2 Qd6 6. Bf4 Qb4 7. Qd2 Qxb2 8.
O-O e6 9. Rfb1 Qxc2 10. Qxc2 Bxc2 11. Rxb7 a5 12. Rxc7 Ng4 13. Rxc6 Bb4 14. Rc7
O-O 15. Nb5 Ba4 16. a3 Bxb5 17. axb4 a4 18. Bd6 Bxe2 19. Bxf8 Rxf8 20. Rac1 a3
21. Rc8 a2 22. R8c7 Bc4 23. Ra7 h6 24. Bh3 Nxf2 25. Kxf2 Rb8 26. Ne5 Bb3 27.
Nxf7 Rxb4 28. Rc8+ Kh7 29. Bxe6 Ra4 30. Bf5+ g6 31. Rh8+ Kg7 32. Raa8 a1=Q 33.
Be6 Qxd4+ 34. Kf3 Bd1+ 35. Kg2 Qe4+ 36. Kh3 Qxe6+ 37. Kg2 Qe4+ 38. Kf2 Qf3+ 39.
Kg1 Qe3+ 0-1

[Event "Challenge"]
[Site "http://www.queenalice.com/game.php?id=566750"]
[Date "2009.4.4"]
[Round "-"]
[White "BLTaylor"]
[Black "Andre1962"]
[Result "0-1"]
[WhiteElo "1192"]
[BlackElo "1475"]

1. e4 Nf6 2. Qf3 Nc6 3. Nc3 e5 4. b3 Bc5 5. Bb2 O-O 6. O-O-O Nd4 7. Qd3 Ng4 8.
Nh3 d6 9. f3 Nf6 10. f4 Bg4 11. Re1 Bxh3 12. gxh3 exf4 13. e5 dxe5 14. Rxe5 Qd6
15. Re1 Rae8 16. Bg2 Qa6 17. Na4 Ne2+ 18. Kb1 Bb4 19. a3 Bd6 20. Bf1 Qc6 21.
Bxe2 Ne4 22. Bf3 Nxd2+ 23. Qxd2 Qxf3 24. Reg1 f6 25. Qd1 Qxh3 26. Qd5+ Rf7 27.
Bxf6 g6 28. Nc3 Re6 29. Ne4 Be7 30. Rg5 Qf3 0-1

[Event "Challenge"]
[Site "http://www.queenalice.com/game.php?id=566785"]
[Date "2009.4.4"]
[Round "-"]
[White "alysson_wander"]
[Black "BLTaylor"]
[Result "1-0"]
[WhiteElo "1234"]
[BlackElo "1226"]

1. c4 Nf6 2. Nf3 d5 3. c5 Ne4 4. d3 Nxc5 5. g3 g6 6. d4 Ne6 7. Bh3 Bg7 8. O-O b6
9. Qa4+ Bd7 10. Qb3 Nc6 11. Qxd5 Bxd4 12. Qe4 1-0

[Event "Challenge"]
[Site "http://www.queenalice.com/game.php?id=566859"]
[Date "2009.4.4"]
[Round "-"]
[White "alysson_wander"]
[Black "BLTaylor"]
[Result "1-0"]
[WhiteElo "1264"]
[BlackElo "1169"]

1. c4 d5 2. c5 Bg4 3. h3 Bf5 4. h4 e6 5. g3 Nc6 6. Bh3 Bxc5 7. Nf3 e5 8. Bxf5 g6
9. Bd3 e4 10. O-O exf3 11. exf3 Nd4 12. Bb5+ c6 13. Bd3 1-0

[Event "Challenge"]
[Site "http://www.queenalice.com/game.php?id=567098"]
[Date "2009.4.5"]
[Round "-"]
[White "Gilney"]
[Black "BLTaylor"]
[Result "1-0"]
[WhiteElo "1307"]
[BlackElo "1185"]

1. e4 d5 2. Nc3 c6 3. g4 Nf6 4. Nf3 Bxg4 5. d4 dxe4 6. Qd2 Bxf3 7. Rg1 g6 8. Na4
Bg7 9. Qb4 Qd7 10. Nc5 Qd6 11. Qxb7 Nfd7 12. c3 O-O 13. Qxa8 Qxh2 14. Rg5 e5 15.
Nb3 Bf6 16. Rg3 1-0

[Event "Challenge"]
[Site "http://www.queenalice.com/game.php?id=568470"]
[Date "2009.4.8"]
[Round "-"]
[White "montelo"]
[Black "BLTaylor"]
[Result "1-0"]
[WhiteElo "1735"]
[BlackElo "1254"]

1. e4 d5 2. Qh5 Nf6 3. Qf3 dxe4 4. Qc3 g6 5. Na3 Bg7 6. Nb5 c6 7. Na3 O-O 8. b3
Nd5 9. Qc4 Bxa1 10. Qxe4 Bf5 11. Qc4 Qd6 12. c3 b5 13. Qe2 b4 14. Nf3 bxc3 15.
Nc4 Qf4 16. g3 Qg4 17. Nce5 c2 18. Nxg4 Bxg4 19. Bg2 1-0

[Event "once again"]
[Site "http://www.queenalice.com/game.php?id=570325"]
[Date "2009.4.11"]
[Round "-"]
[White "Givanildo"]
[Black "BLTaylor"]
[Result "1-0"]
[WhiteElo "1550"]
[BlackElo "1254"]

1. e4 e5 2. Qf3 Nc6 3. Bc4 Qe7 4. Nh3 Nd4 5. Qg3 Nxc2+ 6. Kd1 Nxa1 7. d4 exd4 8.
Bg5 f6 9. Qf4 fxg5 10. Nxg5 g6 11. Qxc7 Qxg5 12. h4 Qxg2 13. Qe5+ Ne7 14. Re1
Rg8 15. Bxg8 Qxf2 16. Bc4 d6 17. Qxd6 Qf3+ 18. Be2 Qxe4 19. Bb5+ Kf7 20. Rxe4
Bf5 21. Bc4+ Kg7 22. Qe5+ Kh6 23. Rf4 Bc2+ 24. Kc1 d3 25. Qg5+ Kg7 26. Nd2 h6
27. Rf7+ Kh8 28. Qf6+ Kg8 29. Rxf8+ Kh7 30. Qf7# 1-0

[Event "BLTaylor v supermouze"]
[Site "http://www.queenalice.com/game.php?id=571409"]
[Date "2009.4.13"]
[Round "-"]
[White "BLTaylor"]
[Black "supermouze"]
[Result "0-1"]
[WhiteElo "1246"]
[BlackElo "1365"]

1. e4 e5 2. Nf3 Nc6 3. g3 Nf6 4. d3 Nd4 5. Bg2 Bc5 6. Nxe5 h6 7. O-O d6 8. Nc4
c6 9. e5 dxe5 10. Nxe5 O-O 11. Bf4 Re8 12. c3 Ne6 13. d4 Bd6 14. Nc4 Nxf4 15.
gxf4 Bxf4 16. Qf3 Qc7 17. Nba3 Bg4 18. Qd3 Be2 19. Qc2 Bxf1 20. Kxf1 Ng4 21. Be4
g6 22. d5 b5 23. d6 Qd7 24. Rd1 Nxh2+ 25. Kg1 Qg4+ 26. Kh1 Rxe4 27. Qxe4 Qxd1+
0-1